Statistiques concernant Quiz pays France

Cliquez ici pour prendre le quiz!

Statistiques générales

  • Ce quiz a été pris 264 fois
    (215 depuis la dernière actualisation)
  • Le résultat moyen est 4 sur 8

Statistiques - réponses

AllusionRépondre% Correct
Capitale de la FranceParis
99%
Année de la Révolution française1789
84%
La plus grande îleCorse
77%
Forteresse médiévale et ancienne prison à ParisBastille
69%
DeviseEuro
56%
Bord de l'océanOcéan Atlantique
21%
Leader de la France libreCharles de Gaulie
4%
La fête nationale de la FranceJuillet quatorzième
1%

Distribution des résultats

Percentile par nombre de réponses

% des personnes avec chaque résultat

Votre développement - résultats

Vous n’avez pas pris ce quiz depuis la dernière actualisation